| 000 | 00946 a2200169 4500 | ||
|---|---|---|---|
| 003 | Nust | ||
| 005 | 20221226123725.0 | ||
| 040 | _cNust | ||
| 082 | _a297.122, SEO | ||
| 100 |
_aSeoharvi, maulana Muhammad Hifzur Rehman _9105918 |
||
| 245 |
_aStories from the Quran _c Maulana Muhammad Hifzur Rehman Seoharvi |
||
| 260 |
_aKarachi _bDarul Ishaat |
||
| 300 | _a666:p | ||
| 505 | _aSurah Al Qalam And The Owners Of The Garden (Page-15), A Beliver And Unbeliever (Page-19), People Of A Township (Page-25), Sayyidina Luqman (Page-30), The Sabbath-Breakers (Page-45), The Dwellers Of Ar Rass (Page-67), Bayat Al Maqdis (Page-73), Zulgarnayn (Page-93), Dwellers Of The Cave And The Inscription (Page-177), Saba And Inundation Of Al Aram (Page-201), Ukhdud (Page-227), Sayyidina Isa (Page-274), Sayyidina Muhammad (Page-385), Al Isra (Page-461), Hijran (Page-475), Ghazawat (Page-493). | ||
| 650 |
_aStories from the Quran _9105919 |
||
| 942 |
_2ddc _cBK |
||
| 999 |
_c185278 _d185278 |
||